000 01835nam0a2200397 4500
001 RU\NLR\bibl\1420809
005 20260407140409.0
010 _a5-94930-007-6
021 _aРГБ
_b692-06
035 _a(nilc)RSL-KNO-002820294
035 _a(NLR Aleph) 001412757
090 _a1292974
_c1292974
100 _a20060210d2003 |||y0rusy50 ca
101 0 _arus
_deng
102 _aRU
105 _aa zzzz|||||
106 _ar
200 1 _aВолшебный мир узоров
_eэнциклопедия орнаментальных мотивов Юго-Восточной Азии
_fГос. музей Востока
_g[авт.-сост.: Н. А. Гожева, Г. М. Сорокина
_gред.: Наталья Гожева]
210 _aМосква
_cPRINT HOUSE
_d2003
215 _a197, [3] с.
_cил.
_d22
300 _aРез. англ.
320 _aБиблиогр.: с. 190-192 (98 назв.)
606 1 _aОрнамент
_jЭнциклопедии
_yАзия Юго-Восточная
_92606608
_3RU\NLR\auth\661543166
610 0 _aИскусство. Искусствознание -- Декоративно-прикладное искусство -- Орнамент -- История орнамента -- Южная Азия -- Темы и образы -- Энциклопедия
686 _aЩ124.3(57)-3я20
_2rubbk
686 _aТ52(57)-722.2я20
_2rubbk
686 _aТ597.222я20
_2rubbk
686 _aЩ124.3(5)я20
702 1 _aГожева
_bН. А.
_gНаталья Анатольевна
_4220
712 0 2 _4570
_aГосударственный музей Востока
_cМосква
_3RU\NLR\AUTH\8810006580
_9510682
801 0 _aRU
_bРГБ
_c20060210
_grcr
801 1 _aRU
_bРГБ
_c20060210
_grcr
801 2 _aRU
_bNLR
_c20090813
_grcr
942 _cBOOK
980 _aNB